000 00622nam a2200217Ia 4500
005 20241129104228.0
008 241129s9999||||xx |||||||||||||| ||und||
020 _a9781517912567
037 _aTextual
040 _aRTL
_beng
_cRTL
041 _aeng
_2eng
084 _aU43:(G:5) R3
_qRTL
100 _aBarua Maan
_9725329
245 0 _aLively cities: Reconfiguring urban ecology
_cBarua Maan
260 _aLondon
_bUniversity of Minnesota Press
_c2023
300 _a372p.
365 _aINR
_b2508.6
650 _aCities- Ecology
_9725330
942 _cTB
_hU43:(G:5) R3
999 _c1224972
_d1224972